| 000 | 00672cam a2200229 4500500 | ||
|---|---|---|---|
| 005 | 20260405002847.0 | ||
| 041 | _afre | ||
| 042 | _adc | ||
| 100 | 1 | 0 |
_ade Oliveira, Victorine _eauthor |
| 245 | 0 | 0 | _aUn philosophe au singulier |
| 260 | _c2019. | ||
| 500 | _a61 | ||
| 690 | _aHenry David Thoreau | ||
| 690 | _aMontaigne | ||
| 690 | _aNietzsche | ||
| 690 | _aPlaton | ||
| 690 | _aRalph Waldo Emerson | ||
| 690 | _aStanley Cavell | ||
| 690 | _aTerrence Malick | ||
| 786 | 0 | _nPhilosophie magazine | 126 | 2 | 2019-02-01 | p. 33-33 | 1951-1787 | |
| 856 | 4 | 1 | _uhttps://shs.cairn.info/magazine-philosophie-magazine-2019-2-page-33?lang=fr&redirect-ssocas=7080 |
| 999 |
_c2061831 _d2061831 |
||